000 01104cam a22003377a 4500
003 CHAP
005 20220329133434.0
008 971013s1992 r 00010 d
010 _a6395
011 _a7367
035 _a6590
040 _cCHAP
090 _aTesis
100 0 0 _aMendoza Girón, Rodolfo.
_974653
245 0 _aIntensidad y frecuencia de poda de raíz en Pinus montezumae Lamb. en vivero
260 _aChapingo, Méx. :
_bEl autor,
_c1992
300 _a48 h.
502 _aTesis (Ing. For. con Orientación en Economía y Ordenación) -- UACH. División de Ciencias Forestales
590 _aALEPH
_b10
_c20130110
_lUCH01
_h1218
590 _aBATCH-UPD
_b10
_c20130110
_lUCH01
_h1701
590 _aBATCH-UPD
_b10
_c20130410
_lUCH01
_h1049
590 _aBATCH-UPD
_b10
_c20130914
_lUCH01
_h1812
590 _aCONVERSION
_b10
_c20130109
_lUCH01
_h1305
650 1 4 _aPináceas
_xPoda.
_988259
650 1 4 _aPinus montezumae.
_988352
650 1 4 _aRaíces
_994670
650 1 4 _aViveros forestales.
_9120100
901 _aBK
942 _cTESIS
949 _bBC
_cTES
_d-16197
_eTS1
_h25110
_i6590
_si
999 _c6395
_d6395